000 00207 a2200097 4500
001 1763
100 _aMaynard, H.B.
245 _aIndustrial Engineering H/book
260 _a
_bMegraw
_c
090 _c1299
_d1299
942 _aNUST-CAE
_cM
_c3324
999 _c236836
_d236836